UBT Library

Get more money on your next job-- in any economy / (Record no. 40810)

000 -LEADER
fixed length control field 00760cam a2200241 a 4500
001 - CONTROL NUMBER
control field 15528298
005 - DATE AND TIME OF LATEST TRANSACTION
control field 20180124032110.0
008 - FIXED-LENGTH DATA ELEMENTS--GENERAL INFORMATION
fixed length control field 081119s2009 nyu 001 0 eng
010 ## - LIBRARY OF CONGRESS CONTROL NUMBER
LC control number 2008050546
020 ## - INTERNATIONAL STANDARD BOOK NUMBER
International Standard Book Number 0071621385 (alk. paper)
020 ## - INTERNATIONAL STANDARD BOOK NUMBER
International Standard Book Number 9780071621380 (alk. paper)
035 ## - SYSTEM CONTROL NUMBER
System control number (OCoLC)ocn244060539
040 ## - CATALOGING SOURCE
Original cataloging agency DLC
Transcribing agency DLC
Modifying agency BTCTA
-- BAKER
-- YDXCP
-- ZQP
-- DLC
041 ## - LANGUAGE CODE
Language code of text/sound track or separate title eng
080 ## - UNIVERSAL DECIMAL CLASSIFICATION NUMBER
Universal Decimal Classification number 650.14 Lee
082 00 - DEWEY DECIMAL CLASSIFICATION NUMBER
Classification number 650.14 Lee
Edition number 22
100 1# - Rafti
Rafti 52
101 ## - Shkurtesa
Shkurtesa eco
245 10 - TITLE STATEMENT
Title Get more money on your next job-- in any economy /
Statement of responsibility, etc by Lee E. Miller.
906 ## - LOCAL DATA ELEMENT F, LDF (RLIN)
a 7
b cbc
c orignew
d 1
e ecip
f 20
g y-gencatlg
942 ## - ADDED ENTRY ELEMENTS (KOHA)
Source of classification or shelving scheme
Item type Books
Holdings
Withdrawn status Lost status Source of classification or shelving scheme Damaged status Not for loan Collection code Permanent location Current location Shelving location Date acquired Total Checkouts Full call number Barcode Date last seen Price effective from Koha item type
          Koleksioni i përgjithshem UBT - Lipjan UBT - Lipjan Koleksioni i përgjithshem 01/24/2018   650.14 Lee 002-2996539 01/24/2018 01/24/2018 Books
          Koleksioni i përgjithshem UBT - Lipjan UBT - Lipjan Koleksioni i përgjithshem 01/24/2018   650.14 Lee 002-2996534 01/24/2018 01/24/2018 Books
          Koleksioni i përgjithshem UBT - Lipjan UBT - Lipjan Koleksioni i përgjithshem 01/24/2018   650.14 Lee 002-2996529 01/24/2018 01/24/2018 Books
          Koleksioni i përgjithshem UBT - Lipjan UBT - Lipjan Koleksioni i përgjithshem 01/24/2018   650.14 Lee 002-2996524 01/24/2018 01/24/2018 Books
          Koleksioni i përgjithshem UBT - Lipjan UBT - Lipjan Koleksioni i përgjithshem 01/24/2018   650.14 Lee 002-2996519 01/24/2018 01/24/2018 Books
          Koleksioni i përgjithshem UBT - Lipjan UBT - Lipjan Koleksioni i përgjithshem 01/24/2018   650.14 Lee 002-2996514 01/24/2018 01/24/2018 Books
          Koleksioni i përgjithshem UBT - Lipjan UBT - Lipjan Koleksioni i përgjithshem 01/24/2018   650.14 Lee 002-2996509 01/24/2018 01/24/2018 Books
          Koleksioni i përgjithshem UBT - Lipjan UBT - Lipjan Koleksioni i përgjithshem 01/24/2018   650.14 Lee 002-2996504 01/24/2018 01/24/2018 Books
UBT Library © 2015-2024. All rights reserved University Education for Business and Technology